000 00927nas a2200301 4500
001 BR2018002590
003 BR-BrBNA
005 20231205131508.0
007 ta
008 230509b bl.|||p| |||| 00| 00por d
040 _aBR-BrBNA
_bpor
_cBiblioteca Nacional de Agricultura
041 _a(En)
072 _aQ04
100 1 _aBatista, P.F.
100 1 _aLima, M.A.C. de
100 1 _aAlves, R.E.
100 1 _aFaçanha, R.V.
245 1 _aBioactive compounds and antioxidant Activity in tropical fruits grown in the lower-middle São Francisco Valley
650 _aFRUTA TROPICAL
650 _aMANGA
650 _aACEROLA
650 _aCOMPOSIÇÃO QUÍMICA
650 _aANTIOXIDANTE
650 _aVALOR NUTRITIVO
773 0 _tRevista Ciência Agronômica (Brazil)
_xISSN 0045-6888
_g(Oct-Dec 2018), v. 49(4) p. 616-623
_wBR2018002590
909 _a202311
_bLúcia
_c55
_dLúcia Elande
942 _2AGRIS
_n0
_cANA
999 _c255123
_d255123